Music Quiz

Random Music or University Quiz

Top HBCU Marching Bands Quiz Stats

 Plays Quiz not verified by Sporcle

Challenge
Share
Tweet
Embed
Score 0/17 Timer 05:00
0 Plays Today
State School % Correct
Louisiana Southern
80.8%
FloridaFlorida A&M
76.8%
Washington, DCHoward
72.7%
North CarolinaNorth Carolina A&T
70.7%
AlabamaAlabama State
68.7%
South CarolinaSouth Carolina State
67.7%
Mississippi Jackson State
66.7%
AlabamaAlabama A&M
65.7%
FloridaBethune Cookman
63.6%
State School % Correct
TennesseeTennessee State
62.6%
LouisianaGrambling State
62.6%
TexasTexas Southern
61.6%
Virginia Norfolk State
54.5%
VirginiaVirginia State
53.5%
North CarolinaNorth Carolina Central
49.5%
MississippiAlcorn State
49.5%
TexasPrairie View A&M
42.4%

You're not logged in!

Compare scores with friends on all Sporcle quizzes.
OR
Log In

You Might Also Like...

Show Comments

Extras

Top Quizzes Today


Score Distribution

Your Account Isn't Verified!

In order to create a playlist on Sporcle, you need to verify the email address you used during registration. Go to your Sporcle Settings to finish the process.

Report this User

Report this user for behavior that violates our Community Guidelines.

Details: